|
|
|
|
| LEADER |
00893cam a2200241 7i4500 |
| 001 |
0000039570 |
| 005 |
20170218090000.0 |
| 020 |
|
|
|a 0470578009 (pbk.)
|
| 020 |
|
|
|a 9780470578001 (pbk.)
|
| 090 |
0 |
0 |
|a TR267.5.A33
|b S57 2011
|
| 100 |
1 |
|
|a Krause, Jim L
|
| 245 |
1 |
0 |
|a Ex3 :
|b exquisite expressions with Photoshop Elements 9
|c Jim Krause.
|
| 260 |
|
|
|a Indianapolis, IN.:
|b Wiley Pub. Inc.,
|c 2011.
|
| 300 |
|
|
|a 399 p.:
|b col. ill.;
|c 23 cm.
|
| 500 |
|
|
|a Includes index
|
| 650 |
0 |
0 |
|a Photography --
|x Digital techniques
|
| 650 |
0 |
0 |
|a Image processing --
|x Digital techniques
|
| 650 |
0 |
0 |
|a Computer graphics
|
| 997 |
|
|
|a Communication, Visual Art & Computing, Faculty
|b Visual Art, Department
|
| 998 |
|
|
|a Photographic Technology, Diploma
|
| 998 |
|
|
|a Digital Graphic Design, Degree
|
| 998 |
|
|
|a Digital Graphic Design, Diploma
|
| 999 |
|
|
|a 0000006372
|b BOK
|c OPEN SHELF
|e 2nd Floor, Bestari Jaya
|